000
00252nam a22001217a 4500
020
_a
978-8186906194
041
_a
ENG
245
_a
The Second Citizens'Report
260
_a
Delhi
_b
CSE
_c
1984
300
_a
393
650
_a
SWCE
856
_u
SWCE ( 24 )
999
_c
1810
_d
1810